000 00521nam a2200181Ia 4500
003 GCL
008 140319s9999 xx 000 0 ara d
040 _aGCL /
_cGCL
082 0 4 _a891.55
_bا ث
100 1 _aاسماعيل فصيح
245 1 0 _aثريا فى غيبوبة /
_cاسماعيل فصيح
300 _a477 ص
490 _aالهيئة العامة للاستعلامات
_v0
650 0 4 _aالادب
650 0 4 _aالادب الفارسى
650 0 4 _aالقصة الفارسية
942 _2ddc
_cBK
999 _c50156
_d50156